Loading...
| Philosophy | 0 | 4 | 1 | 0 | 35 | 73 | 94.50 | 0 | 2 | 0.00 | 0.00 |
| Religion | 0 | 3 | 0 | 2 | 30 | 100 | 111.00 | 0 | 0 | 0.00 | 0.00 |
| Social Science | 0 | 2 | 0 | 1 | 20 | 37 | 78.50 | 1 | 1 | 0.00 | 0.00 |
| Popular Culture | 0 | 2 | 0 | 0 | 20 | 20 | 38.50 | 1 | 2 | 0.00 | 0.00 |
| Science - Physics | 0 | 2 | 0 | 0 | 20 | 87 | 101.50 | 0 | 0 | 0.00 | 0.00 |
| Mythology | 0 | 2 | 0 | 2 | 20 | 121 | 122.50 | 0 | 0 | 0.00 | 0.00 |
| Fine Arts - Other | 0 | 2 | 0 | 0 | 20 | 71 | 92.00 | 0 | 0 | 0.00 | 0.00 |
| History - European | 0 | 2 | 0 | 2 | 20 | 125 | 127.50 | 0 | 0 | 0.00 | 0.00 |
| Science - Chemistry | 0 | 2 | 1 | 1 | 15 | 73 | 90.00 | 0 | 0 | 0.00 | 0.00 |
| Science - Biology | 0 | 2 | 1 | 2 | 15 | 108 | 111.00 | 0 | 0 | 0.00 | 0.00 |
| Other Academic | 0 | 1 | 0 | 0 | 10 | 29 | 29.00 | 0 | 1 | 0.00 | 0.00 |
| Geography | 0 | 1 | 0 | 1 | 10 | 124 | 124.00 | 0 | 0 | 0.00 | 0.00 |
| Literature - British | 0 | 1 | 0 | 0 | 10 | 61 | 61.00 | 0 | 0 | 0.00 | 0.00 |
| Science - Other | 0 | 2 | 2 | 1 | 10 | 81 | 96.00 | 0 | 0 | 0.00 | 0.00 |
| History - Other | 0 | 0 | 0 | 0 | 0 | 0.00 | 0 | 0 | 0.00 | 0.00 | |
| Fine Arts - Classical Music | 0 | 0 | 0 | 0 | 0 | 0.00 | 0 | 0 | 0.00 | 0.00 | |
| Literature - World | 0 | 0 | 2 | 0 | -10 | 0.00 | 0 | 0 | 0.00 | 0.00 |